| 000 | 00839nam a2200229Ia 4500 | ||
|---|---|---|---|
| 008 | 130821s1986 ck a gr spa | ||
| 040 |
_aCo-BoUCM _bspa |
||
| 041 | 0 | 0 | _aspa |
| 092 | _aFMR 0200 | ||
| 100 | 1 |
_aSavino Lloreda, Patricia _9166263 |
|
| 245 | 1 | 0 |
_aNutrición parenteral en pediatría nutrición enteral en el adulto _cPatricia Savino Lloreda |
| 246 | 0 | 4 | _aAlimentación enteral y parenteral |
| 260 |
_aBogotá (Colombia) _bAbbott _c1986 |
||
| 300 |
_a34 páginas _bcuadros, tablas |
||
| 500 | _aLibro disponible en 48 horas a partir de la solicitud. | ||
| 504 | _aIncluye bibliografía e índice general. | ||
| 650 | 0 | 4 |
_aAlimentación enteral _98834 |
| 650 | 0 | 4 |
_aEmbarazo _xAspectos nutricionales _914001 |
| 650 | 0 | 4 |
_aNutrición parenteral _vMétodos _920623 |
| 650 | 0 | 4 |
_aNutrición _920616 |
| 942 |
_cLIBRO _a15 _e1 _n0 |
||
| 999 |
_c64850 _d64850 |
||